<?xml version="1.0" encoding="UTF-8"?>
<record
    xmlns:xsi="http://www.w3.org/2001/XMLSchema-instance"
    xsi:schemaLocation="http://www.loc.gov/MARC21/slim http://www.loc.gov/standards/marcxml/schema/MARC21slim.xsd"
    xmlns="http://www.loc.gov/MARC21/slim">

  <leader>01948nam a2200325uu 4500</leader>
  <controlfield tag="001">1479833</controlfield>
  <controlfield tag="005">20240831092615.0</controlfield>
  <controlfield tag="007">cr|||||||</controlfield>
  <controlfield tag="008">171124s2017                        spa  </controlfield>
  <datafield tag="035" ind1=" " ind2=" ">
    <subfield code="a">1479833</subfield>
  </datafield>
  <datafield tag="040" ind1=" " ind2=" ">
    <subfield code="c">comduadb</subfield>
  </datafield>
  <datafield tag="041" ind1=" " ind2=" ">
    <subfield code="a">spa</subfield>
  </datafield>
  <datafield tag="080" ind1=" " ind2=" ">
    <subfield code="a">PD</subfield>
  </datafield>
  <datafield tag="100" ind1="1" ind2="0">
    <subfield code="a">V&#xE9;lez Ram&#xED;rez, Walter Gabriel</subfield>
    <subfield code="4">ths</subfield>
    <subfield code="e">ths</subfield>
    <subfield code="9">613238</subfield>
  </datafield>
  <datafield tag="245" ind1="1" ind2="0">
    <subfield code="a">Reconstrucci&#xF3;n de la memoria pedag&#xF3;gica : hacia una praxis en la ense&#xF1;anza de la filosof&#xED;a</subfield>
  </datafield>
  <datafield tag="260" ind1=" " ind2=" ">
    <subfield code="a">Medell&#xED;n :</subfield>
    <subfield code="b">Autor(a),</subfield>
    <subfield code="c">2017.</subfield>
  </datafield>
  <datafield tag="300" ind1=" " ind2=" ">
    <subfield code="a">152 p&#xE1;ginas</subfield>
  </datafield>
  <datafield tag="520" ind1="3" ind2=" ">
    <subfield code="a">En las p&#xE1;ginas siguientes el lector encontrar&#xE1; una narrativa como reconstrucci&#xF3;n de mi memoria pedag&#xF3;gica, experiencias de mi pasado vivo, pensado y transformado al ser mirado desde mis necesidades y visiones te&#xF3;ricas y conceptuales del presente; una memoria escrita en im&#xE1;genes y sentimientos; expresada en deseo y sue&#xF1;os, en las historias narradas y acontecidas; memoria de mi experiencia como docente de filosof&#xED;a de la I.E. Jos&#xE9; Acevedo y G&#xF3;mez de la Ciudad de Medell&#xED;n en el barrio Guayabal, desde 2006 hasta 2015. Trabajar sobre rememoraciones le permite al sujeto que recuerda y que narra legitimar su historia y diferenciarla de otras. Lo que se dice, se censura, o se selecciona "constituye progresivamente aquello que uno podr&#xED;a definir como una recreaci&#xF3;n de la memoria en un contexto localizado repleto de tensiones e incluso de conflictos" (Agier, 2003: 25).</subfield>
  </datafield>
  <datafield tag="650" ind1=" " ind2=" ">
    <subfield code="a">Estrategias pedag&#xF3;gicas</subfield>
    <subfield code="9">85466</subfield>
  </datafield>
  <datafield tag="650" ind1=" " ind2=" ">
    <subfield code="a">Filosofia para ni&#xF1;os</subfield>
    <subfield code="9">113283</subfield>
  </datafield>
  <datafield tag="650" ind1=" " ind2="7">
    <subfield code="a">Pedagog&#xED;a cr&#xED;tica</subfield>
    <subfield code="2">lemb</subfield>
    <subfield code="9">36008</subfield>
  </datafield>
  <datafield tag="650" ind1=" " ind2="7">
    <subfield code="a">Filosof&#xED;a</subfield>
    <subfield code="x">Ense&#xF1;anza</subfield>
    <subfield code="2">lemb</subfield>
    <subfield code="9">213230</subfield>
  </datafield>
  <datafield tag="650" ind1=" " ind2="7">
    <subfield code="a">Sexualidad</subfield>
    <subfield code="2">embne</subfield>
    <subfield code="9">75782</subfield>
  </datafield>
  <datafield tag="700" ind1="1" ind2="0">
    <subfield code="a">R&#xED;o Montoya, John Mario del</subfield>
    <subfield code="4">aut</subfield>
    <subfield code="e">aut</subfield>
    <subfield code="9">767487</subfield>
  </datafield>
  <datafield tag="856" ind1="4" ind2=" ">
    <subfield code="u">http://ayura.udea.edu.co:8080/jspui/handle/123456789/2679?mode=simple</subfield>
  </datafield>
  <datafield tag="856" ind1="4" ind2=" ">
    <subfield code="u">http://bibliotecadigital.udea.edu.co/handle/10495/9370</subfield>
  </datafield>
  <datafield tag="942" ind1=" " ind2=" ">
    <subfield code="c">TESIS</subfield>
    <subfield code="n">0</subfield>
  </datafield>
  <datafield tag="999" ind1=" " ind2=" ">
    <subfield code="c">768887</subfield>
    <subfield code="d">768887</subfield>
  </datafield>
  <datafield tag="502" ind1=" " ind2=" ">
    <subfield code="b">153</subfield>
    <subfield code="c">15</subfield>
  </datafield>
  <datafield tag="526" ind1=" " ind2=" ">
    <subfield code="a">155</subfield>
  </datafield>
</record>
